States Without Vowels on a Map - Statistics

General Stats
  • This quiz has been taken 45 times
  • The average score is 45 of 50
Answers on the Map
Answers color-coded by a green-red scale on the quiz's map according to % correct below.
 
Answer Stats
Answer % Correct
h
100%
w
100%
flrd
97%
grg
97%
mchgn
97%
mn
97%
clfrn
95%
dh
95%
lbm
95%
lsn
95%
nrthdkt
95%
nvd
95%
nwyrk
95%
txs
95%
clrd
92%
mntn
92%
nrthcrln
92%
nwmxc
92%
rgn
92%
rzn
92%
sthcrln
92%
sthdkt
92%
th
92%
wshngtn
92%
wstvrgn
92%
hw
89%
kntcky
89%
lsk
89%
mrylnd
89%
mssr
89%
nbrsk
89%
ndn
89%
vrgn
89%
knss
86%
mnnst
86%
nwjrsy
86%
rknss
86%
tnnss
86%
wymng
86%
klhm
84%
msssspp
84%
vrmnt
84%
wscnsn
84%
llns
81%
pnnsylvn
81%
dlwr
78%
nwhmpshr
78%
rhdslnd
78%
cnnctct
76%
msschstts
73%
No matching quizzes found
Score Distribution
Percent of People with Each Score
Percentile by Number Answered
Your Score History
You have not taken this quiz